000 01253nam0a22002891 4500
001 rc\1157080
005 20041129084906.6
035 _a(NLR Aleph) 006401962
090 _a5255518
_c5255518
100 _a20041129d1980 u |0rusy50 ca
101 0 _arus
102 _aRU
105 _aa |||||||||
200 1 _aПодземные воды Южного Прибалхашья
_f[У.М. Ахмедсафин, М.Х. Джабасов, Ж.С. Сыдыков и др.
_gОтв. ред. С.М. Шапиро]
210 _aАлма-Ата
_cНаука
_d1980
215 _a128 с., 2 л. ил.
_cил.
_d26
300 _aАвт. указаны на обороте тит. л.
300 _aВ надзаг.: АН КазССР, Ин-т гидрогеологии и гидрофизики
320 _aБиблиогр.: с. 125-127
701 1 _aАхмедсафин
_bУ. М.
_gУфа Мендбаевич
702 1 _aШапиро
_bС. М.
_gСофья Мироновна
_4340
712 0 2 _aИнститут гидрогеологии и гидрофизики им. У.М.Ахмедсафина
_cАлма-Ата
_3RU\NLR\AUTH\8810006482
801 0 _aRU
_bNLR
_gpsbo
801 1 _aRU
_bELAR
_2rusmarc
852 _aNLR
_j81-7/25
942 _cBOOK
980 _aNB